Paroles - Tu vas me détruire, Notre Dame de Paris - Statistiques

Statistiques générales
  • Ce quiz a été pris 100 fois
  • Le résultat moyen est 242 sur 289
Statistiques - réponses
Paroles % Correct
de
100%
De
100%
détruire
98%
me
98%
Me
98%
Tu
98%
tu
98%
va
98%
vas
98%
ma
95%
Ma
95%
je
93%
Je
93%
te
93%
Et
91%
et
91%
la
91%
Qui
91%
qui
91%
vie
91%
dans
89%
le
89%
vais
89%
fin
86%
Jusqu’à
86%
maudire
86%
ne
84%
que
84%
Que
84%
Dès
80%
les
80%
mes
80%
détruire
77%
ton
77%
jour
75%
Moi
75%
nuit
75%
premier
75%
première
75%
Cet
70%
jupon
68%
Mon
68%
mon
68%
passion
68%
pu
68%
un
68%
vienne
68%
voir
68%
voler
68%
chantes
66%
danses
66%
déraison
66%
prédire
66%
vis
66%
chair
64%
croyait
64%
en
64%
fer
64%
hante
64%
J’aurais
64%
m’y
64%
Pour
64%
veines
64%
consume
61%
d’une
61%
l’attente
61%
lumière
61%
océan
61%
déferle
59%
déroute,
59%
feu
59%
lune
59%
Petite
59%
plus
59%
tourmente
59%
yeux
59%
Contre
57%
déveine
57%
marchande
57%
premier
57%
Sans
57%
d’illusions
55%
étrangère
55%
Lentement
55%
noierai
55%
voici
55%
arbre
52%
cause
52%
Désir
52%
main
52%
m’enflamme
52%
mystère
52%
ont
52%
qu’un
52%
vert
52%
bien
50%
l’hiver
50%
obsession
50%
péché,
50%
plongerai
50%
retienne
50%
déchire
48%
j’y
48%
qu’une
48%
dérision
45%
fou
45%
tourne
45%
remord
41%
Doucement
39%
Aucun quiz correspondant
Distribution des résultats
% des personnes avec chaque résultat
Percentile par nombre de réponses
Votre historique - résultats
Vous n’avez pas pris ce quiz